Normal view
MARC view
- Edwards, T. C
Entry Personal Name
001 - CONTROL NUMBER
- control field: 96975
003 - CONTROL NUMBER IDENTIFIER
- control field: NUST
005 - DATE AND TIME OF LATEST TRANSACTION
- control field: 20220812120042.0
008 - FIXED-LENGTH DATA ELEMENTS
- fixed length control field: 220812|| aca||aabn | a|a d
040 ## - CATALOGING SOURCE
- Original cataloging agency: NUST
- Transcribing agency: NUST
100 ## - HEADING--PERSONAL NAME
- Personal name: Edwards, T. C
670 ## - SOURCE DATA FOUND
- Source citation: Work cat.: (NUST)175615: Edwards, T. C., Foundations for microstrip circuit design /, 1991.
